Penile measurements in adult Egyptians / (رقم التسجيلة. 14637)

تفاصيل مارك
000 -LEADER
fixed length control field 01537nam a2200349 a 4500
003 - CONTROL NUMBER IDENTIFIER
control field EG-GiCUC
005 - DATE AND TIME OF LATEST TRANSACTION
control field 20250223025519.0
008 - FIXED-LENGTH DATA ELEMENTS--GENERAL INFORMATION
fixed length control field 090207s2008 ua h f m 000 0 eng d
040 ## - CATALOGING SOURCE
Original cataloging agency EG-GiCUC
Language of cataloging eng
Transcribing agency EG-GiCUC
041 0# - LANGUAGE CODE
Language code of text/sound track or separate title eng
049 ## - LOCAL HOLDINGS (OCLC)
Holding library Deposite
097 ## - Thesis Degree
Thesis Level M.Sc
099 ## - LOCAL FREE-TEXT CALL NUMBER (OCLC)
Classification number Cai01.11.10.M.Sc.2008.Mo.P
100 0# - MAIN ENTRY--PERSONAL NAME
Personal name Mohamed Ahmed Mousa Oraby
245 10 - TITLE STATEMENT
Title Penile measurements in adult Egyptians /
Statement of responsibility, etc. Mohamed Ahmed Mousa Oraby ; Supervised Hussein Mohamed Hafez Ghanem , Ihab Ismail Amin Kamel , Amr Mohamed Gadalla
246 15 - VARYING FORM OF TITLE
Title proper/short title قياسات القضيب في المصريين البالغين
260 ## - PUBLICATION, DISTRIBUTION, ETC.
Place of publication, distribution, etc. Cairo :
Name of publisher, distributor, etc. Mohamed Ahmed Mousa Oraby ,
Date of publication, distribution, etc. 2008
300 ## - PHYSICAL DESCRIPTION
Extent 90 P. :
Other physical details facsimiles ;
Dimensions 25cm
502 ## - DISSERTATION NOTE
Dissertation note Thesis (M.Sc.) - Cairo University - Faculty of Medicine - Department of Dermatology and Venerology
520 ## - SUMMARY, ETC.
Summary, etc. To determine the penile size in adult Egyptians and to clarify the relationship between fully stretched penile measurements in normal subjects and erectile dysfunction patients. This study included 1027 adult Egyptians presenting to Kasr Elaini outpatient clinic
530 ## - ADDITIONAL PHYSICAL FORM AVAILABLE NOTE
Additional physical form available note Issued also as CD
653 #4 - INDEX TERM--UNCONTROLLED
Uncontrolled term Fully stretched lengh and girth
653 #4 - INDEX TERM--UNCONTROLLED
Uncontrolled term Measurement
653 #4 - INDEX TERM--UNCONTROLLED
Uncontrolled term Penis
700 0# - ADDED ENTRY--PERSONAL NAME
Personal name Amr Mohamed Gadalla ,
Relator term
700 0# - ADDED ENTRY--PERSONAL NAME
Personal name Hussein Mohamed Hafez Ghanem ,
Relator term
700 0# - ADDED ENTRY--PERSONAL NAME
Personal name Ihab Ismail Amin Kamel ,
Relator term
856 ## - ELECTRONIC LOCATION AND ACCESS
Uniform Resource Identifier <a href="http://172.23.153.220/th.pdf">http://172.23.153.220/th.pdf</a>
905 ## - LOCAL DATA ELEMENT E, LDE (RLIN)
Cataloger Mustafa
Reviser Revisor
905 ## - LOCAL DATA ELEMENT E, LDE (RLIN)
Cataloger Samia
Reviser Cataloger
942 ## - ADDED ENTRY ELEMENTS (KOHA)
Source of classification or shelving scheme Dewey Decimal Classification
Koha item type Thesis
المقتنيات
Source of classification or shelving scheme Not for loan Home library Current library Date acquired Full call number Barcode Date last seen Koha item type Copy number
Dewey Decimal Classification   المكتبة المركزبة الجديدة - جامعة القاهرة قاعة الرسائل الجامعية - الدور الاول 11.02.2024 Cai01.11.10.M.Sc.2008.Mo.P 01010110050589000 22.09.2023 Thesis  
Dewey Decimal Classification   المكتبة المركزبة الجديدة - جامعة القاهرة مخـــزن الرســائل الجـــامعية - البدروم 11.02.2024 Cai01.11.10.M.Sc.2008.Mo.P 01020110050589000 22.09.2023 CD - Rom 50589.CD
Cairo University Libraries Portal Implemented & Customized by: Eng. M. Mohamady Contacts: new-lib@cl.cu.edu.eg | cnul@cl.cu.edu.eg
CUCL logo CNUL logo
© All rights reserved — Cairo University Libraries
CUCL logo
Implemented & Customized by: Eng. M. Mohamady Contact: new-lib@cl.cu.edu.eg © All rights reserved — New Central Library
CNUL logo
Implemented & Customized by: Eng. M. Mohamady Contact: cnul@cl.cu.edu.eg © All rights reserved — Cairo National University Library